Natural and supernatural (Record no. 28014)

MARC details
000 -LEADER
fixed length control field 00270nam a2200109Ia 4500
082 ## - DEWEY DECIMAL CLASSIFICATION NUMBER
Classification number 021
Item number ING
100 ## - MAIN ENTRY--AUTHOR NAME
Personal name Inglis, B
245 #0 - TITLE STATEMENT
Title Natural and supernatural
260 ## - PUBLICATION, DISTRIBUTION, ETC. (IMPRINT)
Place of publication London
Name of publisher Hodder and Stoughton
Year of publication 1977
942 ## - ADDED ENTRY ELEMENTS (KOHA)
Koha item type Books
Holdings
Withdrawn status Lost status Damaged status Not for loan Home library Current library Date acquired Cost, normal purchase price Full call number Accession Number Koha item type
        RRII Library RRII Library 16/12/2021 9.95 021 ING 08629 Books